000 00484cam a22002051 4500
001 sa 63001527
003 DLC
005 20260227111928.0
008 890427s1962 ii a 000 0 beno
010 _asa 63001527
035 _a(OCoLC)19614470
040 _aDLC
_cWaU
_dDLC
042 _apremarc
050 0 0 _aPK1718.R63
_bC3
100 1 _aRoy, Kalidas,
_d1889-1975.
245 1 0 _aCālacitra.
260 _c[1962]
300 _a159 p.
_billus.
_c23 cm.
500 _aIn Bengali.
999 _c54016
_d54016